How many Grammys did these singers win #1 - Statistics

General Stats
  • This quiz has been taken 13 times
  • The average score is 11 of 15
Answer Stats
Hint Answer % Correct
Ke$ha 0
82%
Sean Paul 1
82%
Nirvana 1
82%
Dolly Parton 11
73%
Eminem 15
73%
Sabrina Carpenter 2
73%
Kanye West 24
73%
Elvis Presly 3
73%
Ariana Grande 3
73%
Outkast 6
73%
Michael Jackson 13
64%
Justin Bieber 2
64%
Harry Styles 3
64%
Beyoncé 35
64%
Drake 5
64%
No matching quizzes found
Score Distribution
Percent of People with Each Score
Percentile by Number Answered
Your Score History
You have not taken this quiz